000 00424nam a22001577a 4500
005 20251108175608.0
008 250721s9999 xx 000 0 eng d
082 1 4 _aJ/F/PAN
245 1 0 _aPANSY AND THE POT OF HONEY / LEVEL 1 /
264 1 _aDELHI :
_bMANOJ PUBLICATIONS,
300 _a24P.
650 1 7 _afiction
653 _aاطفال مرحلة متوسطة (6-9) سنوات
942 _2ddc
_cBK
999 _c137846
_d137846